QUEST Central Library Banner

Guinness world records 2012. (Record no. 3539)

MARC details
000 -LEADER
fixed length control field 00788nam a2200157 a 4500
020 ## - INTERNATIONAL STANDARD BOOK NUMBER
ISBN 1904994687 (hardcover)
020 ## - INTERNATIONAL STANDARD BOOK NUMBER
ISBN 9781904994688 (hardcover)
245 00 - TITLE STATEMENT
Title Guinness world records 2012.
250 ## - EDITION STATEMENT
Edition statement Revised edition.
260 ## - PUBLICATION, DISTRIBUTION, ETC. (IMPRINT)
Place of publication [S.l.] :
Name of publisher Guinness World Records Limited,,
Year of publication 2011.
300 ## - PHYSICAL DESCRIPTION
Number of Pages 1 v. (unpaged) ;
520 ## - SUMMARY, ETC.
Summary, etc Discover 1000s of new and classic records in GWR 2012. Get on your marks for the London Olympics and marvel at the International Space Station. See over 900 new eye-popping photos, watch 30 Records come alive with Augmented Reality technology, discover hundreds of bite-sized facts and a stunning 3D jacket design in one amazing.
650 ## - SUBJECT ADDED ENTRY--TOPICAL TERM
Topical Term World records
856 40 - ELECTRONIC LOCATION AND ACCESS
Uniform Resource Identifier http://www.amazon.com/exec/obidos/ASIN/1904994687/chopaconline-20
942 ## - ADDED ENTRY ELEMENTS (KOHA)
Koha item type Books
Holdings
Withdrawn status Lost status Home library Current library Date acquired Cost, normal purchase price Full call number Accession Number Koha item type
    Central Library, QUEST, Nawabshah Central Library, QUEST, Nawabshah 19/05/2014 3282.00 031.02GWR 45106 Books
    Central Library, QUEST, Nawabshah Reference Section 19/05/2014 3282.00 031.02GWR 45105 Books

Copyright © 2018,The QUEST, Nawabshah, Shaheed Benazirabad. All rights reserved
Mr. G. Farooq Channar (Librarian) QUEST, Nawabshah, Sindh, Pakistan 67480.
 Ph#: |   0244-9370381-4 Ext. 2308   Email| lib@quest.edu.pk   Web|  http://www.quest.edu.pk